Every F1 team (2010-2025) - Statistics

General Stats
  • This quiz has been taken 79 times
  • The average score is 18 of 23
Answer Stats
Years Active Team % Correct
2010-present Ferrari
99%
2010-present Red Bull
99%
2016-present Haas
97%
2010-present Mclaren
97%
2010-present Mercedes
97%
2010-present Williams
96%
2021-present Aston Martin
93%
2010-2018, 2024-present Sauber
93%
2021-present Alpine
89%
2010, 2016-2020 Renault
83%
2010-2018 Force India
82%
2010-2019 Toro Rosso
82%
2020-2023 Alphatauri
79%
2019-2023 Alfa Romeo
78%
2011-2015 Lotus
78%
2010 Team Lotus
78%
2024-present RB
75%
2018-2020 Racing Point
67%
2011-2015 Marussia
50%
2012-2014 Caterham
47%
2016 Manor
47%
2010-2012 HRT
44%
2010 Virgin
39%
No matching quizzes found
Score Distribution
Percent of People with Each Score
Percentile by Number Answered
Your Score History
You have not taken this quiz